Billie Eilish - THE DINER Lyrics - Statistics

General Stats
  • This quiz has been taken 171 times
  • The average score is 237 of 308
Answer Stats
Answer % Correct
a
99%
I
99%
me
99%
me)
99%
you
99%
You
99%
the
98%
The
98%
be
96%
of
95%
afraid
94%
know
94%
on
94%
to
94%
Don't
93%
don't
93%
(don't
93%
in
90%
In
90%
my
90%
saw
90%
And
88%
and
88%
I'm
88%
so
88%
your
88%
it
86%
Was
86%
was
86%
we're
86%
call
85%
for
85%
they
85%
They
85%
(they
85%
lookin'
84%
meant
83%
cops
81%
that
81%
what
81%
when
81%
You're
81%
you're
81%
at
79%
corner
79%
feet
79%
get
79%
could
78%
Could
78%
just
78%
Just
78%
(just
78%
kitchen
78%
leave
78%
wanna
78%
go
77%
I'll
77%
(I'll
77%
need
77%
right
77%
would
77%
Bet
75%
bet
75%
car
75%
card
75%
please
75%
wife
75%
around
74%
calling
74%
dreams
74%
into
74%
left
74%
say
74%
somethin'
74%
something
74%
talk
74%
waitin'
74%
easy
73%
eat
73%
diner
72%
fight
72%
magazines
72%
make
72%
stop
72%
But
70%
but
70%
came
70%
landed
70%
life
70%
you'll
70%
change
69%
over
69%
They'll
69%
'til
68%
getting
67%
goodnight
67%
kiss
67%
starrin
67%
block
65%
clock
65%
tried
65%
screens
63%
waited
63%
back
62%
better
62%
here
62%
through
62%
sitter
60%
read
58%
write
58%
another
57%
letter
57%
letter)
57%
hope
56%
this
56%
time
56%
dollar
54%
dollar)
54%
off
54%
save
54%
told
54%
can
53%
thousand
53%
crazy
49%
crazy)
49%
failed
49%
knocked
49%
stopped
48%
bail
47%
bring
47%
come
47%
If
47%
jail
47%
jail)
47%
happens
44%
mail
44%
mail)
44%
visit
43%
(visit
43%
now
42%
veil
42%
veil)
42%
with
42%
away
41%
up
41%
While
41%
250
40%
(250
40%
him
40%
number
40%
someone
38%
all
37%
else
37%
sleep
37%
discrete
36%
couldn't
35%
memorized
35%
end
30%
(Ah
20%
ah
20%
310-807-3956
17%
-3956
15%
No matching quizzes found
Score Distribution
Percent of People with Each Score
Percentile by Number Answered
Your Score History
You have not taken this quiz